01656nam a2200385 a 4500001001200000003000800012006001900020007001500039008004100054020001800095040002100113035002100134043001200155050002300167245011400190260003400304300001100338490005200349504006600401505017700467533015200644650002100796650003000817650001900847650003500866651004900901651002100950651003700971655002901008700001801037710001701055830005301072856012601125999001901251ebr10310804CaPaEBRm u cr cn|||||||||090916s2008 enk sb 001 0 eng d z9781845116422 aCaPaEBRcCaPaEBR a(OCoLC)503446276 ae-gr---14aDS134b.H66 2008eb00aHomelands and diasporash[electronic resource] :bGreeks, Jews and their migrations /cedited by Minna Rozen. aLondon :bI.B. Tauris,c2008. a443 p.1 aInternational library of migration studies ;v2 aIncludes bibliographical references (p. [333]-417) and index.0 apt. 1. The genesis of diasporas -- pt. 2. Pre-modern diaspora: patterns of behaviour -- pt. 3. The diaspora in its various guises -- pt. 4. The modern world and its demise. aElectronic reproduction.bPalo Alto, Calif. :cebrary,d2013.nAvailable via World Wide Web.nAccess may be limited to ebrary affiliated libraries. 0aJewish diaspora. 0aJewish diasporaxHistory. 0aJewsxHistory. 0aJewsxSocial life and customs. 0aGreecexEmigration and immigrationxHistory. 0aGreecexHistory. 0aGreecexSocial life and customs. 7aElectronic books.2local1 aRozen, Minna.2 aebrary, Inc. 0aInternational library of migration studies ;v2.40uhttp://site.ebrary.com/lib/rucke/Doc?id=10310804zAn electronic book accessible through the World Wide Web; click to view c175917d175917